000 01047cam a2200313 i 4500
001 25143
003 Mx-PuUPA
005 20240903091352.0
008 140415s2012 mx gr 000 f spa d
020 _a9786074714043
040 _aMx-PuUPA
_bspa
_cMx-PuUPA
_dMx-PuUPA
_erda
041 0 _aspa
100 1 _aLozano Garbala, David,
_d1974-
_916159
_eautor
245 1 0 _aDonde surgen las sombras /
_cDavid Lozano Garbala
264 1 _aMéxico, D. F. :
_bEdiciones SM,
_c2012
300 _a281 páginas ;
_c21 cm
336 _2rdacontent
_atexto
_btxt
337 _2rdamedia
_asin medio
_bn
338 _2rdacarrier
_avolumen
_bnc
490 0 _aGran Angular ;
_v38
650 7 _2armarc
_aNovela de misterio
_x
650 7 _2armarc
_aAmistad
_vNovela
650 7 _2armarc
_aHistorias paranormales
655 7 _2armarc
_aNovela española
_vSiglo XXI
942 _2ddc
_cLI
_h863.7
_iL925
999 _c25143
_d25143